000 01281nam a2200337 i 4500
003 EG-GICUC
005 20260416082616.0
008 260219s1982 ua ||||fr|||| 00| 0 ara d
017 _a1978/5106
020 _a19772563126
040 _a EG-GICUC
_bara
_c EG-GICUC
_d EG-GICUC
_erda
041 _aara
082 0 4 _221
_a343.3
_bم ح . ش
092 0 4 _221
099 _aLaw1 10 343.3 م ح . ش 1982
100 0 _aمحمود نجيب حسنى
_eمؤلف.
245 1 0 _aشرح قانون الأجراءات الجنائية /
_cتأليف الدكتور محمود نجيب حسنى.
264 1 _aالقاهرة :
_bدار النهضة العربية،
_c1982.
264 3 _aالجيزة :
_bمطبعة جامعة القاهرة والكتاب الجامعى،
_c1982.
300 _a1357 صفحة ;
_c24 سم.
336 _2rda content
_atext
337 _2rda media
_aComputer
338 _2rda carrier
_aOnline Resource
504 _aيشتمل على إرجاعات ببليوجرافية.
546 _aالنص باللغة العربية
650 1 _aالقانون الجنائي
650 1 _aقانون الإجراءات الجنائية
856 4 0 _uhttps://fll.law.cu.edu.eg/fulltext/bks/B10-05760.pdf
905 _a43
_eYara
942 _2ddc
_n0
_cBK
_e21
999 _c63801
_d63801